<?xml version="1.0" encoding="UTF-8"?>
<record
    xmlns:xsi="http://www.w3.org/2001/XMLSchema-instance"
    xsi:schemaLocation="http://www.loc.gov/MARC21/slim http://www.loc.gov/standards/marcxml/schema/MARC21slim.xsd"
    xmlns="http://www.loc.gov/MARC21/slim">

  <leader>00475nam a22001577a 4500</leader>
  <controlfield tag="005">20240213104558.0</controlfield>
  <controlfield tag="008">240213b        |||||||| |||| 00| 0 eng d</controlfield>
  <datafield tag="041" ind1=" " ind2=" ">
    <subfield code="a">Afrikaans / English </subfield>
  </datafield>
  <datafield tag="082" ind1=" " ind2=" ">
    <subfield code="a">349 TYD </subfield>
  </datafield>
  <datafield tag="100" ind1=" " ind2=" ">
    <subfield code="l">Afrikaans / English </subfield>
  </datafield>
  <datafield tag="245" ind1=" " ind2=" ">
    <subfield code="a">Tydskrif vir Hedendaagse Romeins-Hollandse Reg </subfield>
  </datafield>
  <datafield tag="260" ind1=" " ind2=" ">
    <subfield code="a">Durban : </subfield>
    <subfield code="b">Butterworth,</subfield>
    <subfield code="c">2002 </subfield>
  </datafield>
  <datafield tag="300" ind1=" " ind2=" ">
    <subfield code="b">145 pages ; </subfield>
    <subfield code="c">25 cm. </subfield>
  </datafield>
  <datafield tag="650" ind1=" " ind2=" ">
    <subfield code="a">Legal practice </subfield>
    <subfield code="b">Law </subfield>
  </datafield>
  <datafield tag="942" ind1=" " ind2=" ">
    <subfield code="c">BK</subfield>
    <subfield code="6">ALISON_BN_VRIES</subfield>
  </datafield>
  <datafield tag="999" ind1=" " ind2=" ">
    <subfield code="c">1355</subfield>
    <subfield code="d">1355</subfield>
  </datafield>
  <datafield tag="952" ind1=" " ind2=" ">
    <subfield code="0">0</subfield>
    <subfield code="1">0</subfield>
    <subfield code="2">ddc</subfield>
    <subfield code="3">Volume 1 (Februarie) </subfield>
    <subfield code="4">0</subfield>
    <subfield code="6">349_000000000000000_TYD</subfield>
    <subfield code="7">0</subfield>
    <subfield code="8">SER</subfield>
    <subfield code="9">2205</subfield>
    <subfield code="a">LSN</subfield>
    <subfield code="b">LSN</subfield>
    <subfield code="c">TYDSV</subfield>
    <subfield code="d">2024-02-13</subfield>
    <subfield code="l">0</subfield>
    <subfield code="o">349 TYD </subfield>
    <subfield code="p">LSN/2023/280</subfield>
    <subfield code="r">2024-02-13 00:00:00</subfield>
    <subfield code="w">2024-02-13</subfield>
    <subfield code="y">BK</subfield>
  </datafield>
  <datafield tag="952" ind1=" " ind2=" ">
    <subfield code="0">0</subfield>
    <subfield code="1">0</subfield>
    <subfield code="2">ddc</subfield>
    <subfield code="3">Volume 2 (Mei)</subfield>
    <subfield code="4">0</subfield>
    <subfield code="6">349_000000000000000_TYD</subfield>
    <subfield code="7">0</subfield>
    <subfield code="8">SER</subfield>
    <subfield code="9">2206</subfield>
    <subfield code="a">LSN</subfield>
    <subfield code="b">LSN</subfield>
    <subfield code="c">TYDSV</subfield>
    <subfield code="d">2024-02-13</subfield>
    <subfield code="l">0</subfield>
    <subfield code="o">349 TYD </subfield>
    <subfield code="p">LSN/2023/281</subfield>
    <subfield code="r">2024-02-13 00:00:00</subfield>
    <subfield code="w">2024-02-13</subfield>
    <subfield code="y">BK</subfield>
  </datafield>
  <datafield tag="952" ind1=" " ind2=" ">
    <subfield code="0">0</subfield>
    <subfield code="1">0</subfield>
    <subfield code="2">ddc</subfield>
    <subfield code="3">Volume 3 (Augustus)</subfield>
    <subfield code="4">0</subfield>
    <subfield code="6">349_000000000000000_TYD</subfield>
    <subfield code="7">0</subfield>
    <subfield code="8">SER</subfield>
    <subfield code="9">2207</subfield>
    <subfield code="a">LSN</subfield>
    <subfield code="b">LSN</subfield>
    <subfield code="c">TYDSV</subfield>
    <subfield code="d">2024-02-13</subfield>
    <subfield code="l">0</subfield>
    <subfield code="o">349 TYD </subfield>
    <subfield code="p">LSN/2023/282</subfield>
    <subfield code="r">2024-02-13 00:00:00</subfield>
    <subfield code="w">2024-02-13</subfield>
    <subfield code="y">BK</subfield>
  </datafield>
  <datafield tag="952" ind1=" " ind2=" ">
    <subfield code="0">0</subfield>
    <subfield code="1">0</subfield>
    <subfield code="2">ddc</subfield>
    <subfield code="3">Volume 4 (November)</subfield>
    <subfield code="4">0</subfield>
    <subfield code="6">349_000000000000000_TYD</subfield>
    <subfield code="7">0</subfield>
    <subfield code="8">SER</subfield>
    <subfield code="9">2208</subfield>
    <subfield code="a">LSN</subfield>
    <subfield code="b">LSN</subfield>
    <subfield code="c">TYDSV</subfield>
    <subfield code="d">2024-02-13</subfield>
    <subfield code="l">0</subfield>
    <subfield code="o">349 TYD</subfield>
    <subfield code="p">LSN/2023/283</subfield>
    <subfield code="r">2024-02-13 00:00:00</subfield>
    <subfield code="w">2024-02-13</subfield>
    <subfield code="y">BK</subfield>
  </datafield>
</record>
